000 01878cam a22003738a 4500
001 17210927
005 20150127134111.0
008 120314s2013 mau b 001 0 eng
010 _a 2012010775
020 _a9780763757342
020 _a9781449653347
020 _a0763757349
035 _a(DNLM)101580320
040 _aDNLM/DLC
_cDLC
_dDLC
042 _apcc
050 _aRS 403
_b.M11 2013
060 1 0 _aQV 744
082 0 0 _a615.1/9
100 1 _aMa, Joseph K. H.
245 1 0 _aBasic physical pharmacy /
_cJoseph K.H. Ma and Boka Hadzija.
260 _aBurlington, MA :
_bJones & Bartlett Learning,
_cc2013.
263 _a1206
300 _a596 pages :
_c28 cm.
_billustrations ;
504 _aIncludes bibliographical references and index.
505 0 _aMolecular expressions and electrolyte properties of drug molecules -- Colligative properties and isotonic solutions -- Acid-base equilibrium and buffer solutions -- Drug solubility and distribution in immiscible systems -- Molecular interactions of drug in pharmaceutical and biological systems -- Chemical kinetics : principles and application -- Drug absorption, bioavailability, and dosage forms : a regulatory perspective -- Diffusion, dissolution, and permeability -- Micrometrics and pharmaceutical powders -- Tablets and capsules -- Interfacial phenomena -- Rheology in pharmacy -- Suspensions, emulsion, and colloids -- Transdermal drug delivery -- Drug delivery and targeting -- Parenteral drug delivery systems -- Delivery of biotechnology drugs -- Application of nanoscience in pharmaceutics.
521 _aPharmacy
650 1 2 _aChemistry, Pharmaceutical.
650 2 2 _aPhysicochemical Phenomena.
650 2 2 _aTechnology, Pharmaceutical.
700 1 _aHadzija, Boka.
906 _a7
_brip
_corignew
_d1
_eecip
_f20
_gy-gencatlg
942 _2lcc
_cBK
999 _c278744
_d278744